1713 1597 1843 1181 1222 1077 1744 1478 1917 1950 1229 1436 1975 1325 1781 1388 1998 1050 1881 2000 1949 1518 1696 1053 1450 1833 1696 1999 1734 1731 1409 1008 1103 1246 1291 1086 1322 1932 1600 1631 1989 1730 1731 1355 1051 1980 1204 1867 1047 1292 1359 1578 1984 1699 1495 1634 1793 1167 1091 1989 1608 1604 1957 1121 1584 1342 1793 1624 1430 1360 1653 1408 1357 1969 1098 1592 1925 1520 1666 1884 1055 1192 1146 1625 1139 1501 1980 1237 1486 1786 1162 1291 1573 1968 1453 1489 1077 1356 1498 BCNSPRNW ULIB Ver.6.0+V

เปลี่ยนเป็นภาษาไทย

Change to English
 แสดงรายละเอียดบรรณานุกรม
  กลับหน้าหลัก

Brief Record : Get Marc (ISO 2709) : E-mail record : QR code < ปิดหน้าต่าง
LEADER : 00000nam 2200000uu 4500
001    13399120465
003     ULIB
008    120920s2550||||th 000 0 tha d
020    ^a9789748826196
060 04 ^aWB935^bม443ข 2550
100 0  ^aมานพ ประภาษานนท์
245 10 ^aแข็งแรง-อายุยืนเกิน 100 ด้วยวิธีรักษาสุขภาพแบบองค์รวม /^cมานพ ประภาษานนท์
250    ^aพิมพ์ครั้งที่ 1
260    ^aกรุงเทพฯ :^bชบา พับลิชชิ่ง เวิร์กส,^c2550
300    ^a176 หน้า :^bภาพประกอบ ;^c19 ซม.
650  7 ^aการดูแลตนเอง
650  7 ^aการดูแลสุขภาพด้วยตนเอง
650  7 ^aสุขภาพ
945    ^p150^l0^i14484
945    ^p150^l0^i14485
995    ^aกัณชพร
999 ^a ใช้งานได้ทุกระบบ
รายการนี้ยังไม่มีแท็ก
คุณยังไม่ได้ล็อกอิน คุณสามารถมีกิจกรรมร่วมกับเว็บไซต์ได้ แต่ต้องล็อกอินก่อน ::
  ล็อกอิน

รายการสื่อสารสนเทศ

ลำดับที่ ประเภท เลขเรียก/บาร์โค้ด สถานที่ สถานะ
1. วิทยาศาสตร์การแพทย์ และสุขภาพ
วิทยาศาสตร์การแพทย์ และสุขภาพ
WB935 ม443ข 2550  
  Barcode: 14484
ห้องสมุดวิทยาเขตสวรรค์ประชารักษ์
►ส่วนจัดเก็บหนังสือเก่า สปร
บนชั้น
  ขอยืม
2. วิทยาศาสตร์การแพทย์ และสุขภาพ
วิทยาศาสตร์การแพทย์ และสุขภาพ
WB935 ม443ข 2550 ฉ.2 
  Barcode: 14485
ห้องสมุดวิทยาเขตสวรรค์ประชารักษ์
►ส่วนจัดเก็บหนังสือเก่า สปร
บนชั้น
  ขอยืม

รายการใกล้เคียง
    ผู้แต่ง [มานพ ประภาษานนท์]

    หัวเรื่อง [การดูแลตนเอง]
    หัวเรื่อง [การดูแลสุขภาพด้วยตนเอง]
    หัวเรื่อง [สุขภาพ]

BibComment


ยังไม่เคยถูกคอมเมนท์

คอมเมนท์ทรัพยากรรายการนี้
  คอมเมนท์: แข็งแรงอายุยืนเก..


 Copyright 2026. Bcnsprnw @Library